| 000 | 01348cam a2200397 a 4500 | ||
|---|---|---|---|
| 001 | 6423 | ||
| 003 | FISKH | ||
| 005 | 20250429123810.0 | ||
| 008 | 081105s2009 nyua j 001 0 eng | ||
| 010 | _a 2008046252 | ||
| 020 | _a9780778739562 (reinforced library binding : alk. paper) | ||
| 020 | _a0778739562 (reinforced library binding : alk. paper) | ||
| 020 | _a9780778739753 | ||
| 020 | _a9780778739753 (pbk. : alk. paper) | ||
| 020 | _a0778739759 (pbk. : alk. paper) | ||
| 040 |
_aDLC _cDLC _dQBX _dIG# _dDLC _beng |
||
| 050 | _aQL668.E2 K346 | ||
| 082 | _a597.8 | ||
| 100 | 1 | _aKalman, Bobbie. | |
| 245 | 1 | 0 |
_aTadpoles to frogs / _cBobbie Kalman. |
| 260 |
_aNew York : _bCrabtree Publishing Company, _c2009. |
||
| 300 |
_a24 pages : _bcolor illustrations ; _c24 cm |
||
| 490 | 1 | _aIt's fun to learn about baby animals | |
| 500 | _aIncludes index. | ||
| 505 | _aN | ||
| 520 | _aLooks at the life cycle of pond frogs and tree frogs, following their metamorphosis from tadpoles to adult amphibian. | ||
| 521 | 8 |
_a540
_bLexile IG |
|
| 521 | 8 |
_aN
_bRaz-Plus |
|
| 650 | 0 |
_aTadpoles _vJuvenile literature. |
|
| 650 | 0 |
_aFrogs _xLife cycles _vJuvenile literature. |
|
| 650 | 1 | _aTadpoles. | |
| 650 | 1 |
_aFrogs _xLife cycles. |
|
| 906 |
_a7 _bcbc _corignew _d1 _eecip _f20 _gy-gencatlg |
||
| 942 |
_2ddc _cBK _n0 |
||
| 999 |
_c6423 _d6423 |
||